| 000 | 00662nam a2200229 a 4500 | ||
|---|---|---|---|
| 005 | 20210219153434.0 | ||
| 008 | 991125n 000 0 eng u | ||
| 035 | _aUPN01000099779 | ||
| 100 | _aEnglert, Carol Sue | ||
| 222 | _aJOURNAL OF LEARNING DISABILITIES | ||
| 245 | _aShared understandings : structuring the writing experience through dialogue | ||
| 300 | _a330-342 | ||
| 362 | _a1991 24, no. 6 | ||
| 653 | 0 | _aDOCUMENTOS | |
| 653 | 0 | _aEJERCICIOS DE ESCRITURA | |
| 653 | 0 | _aESTRATEGIAS DE ESCRITURA | |
| 653 | 0 | _aPREESCRITURA | |
| 653 | 0 | _aPROBLEMAS DE APRENDIZAJE | |
| 700 | _aTroy, V. Mariage | ||
| 904 |
_aAC _b037590 |
||
| 905 | _aArticulo | ||
| 999 |
_c76876 _d76876 |
||